00494 2200169 4500001002100000008004100021035002000062245005500082100001200137260005200149300001200201020001800213084001600231082000800247650005100255990001800306INLIS000000000000664 ind  a0010-0724000664 aPendekatan Kelompok Dalam Konseling KarircHartono aHartono aSurabayabUniversity press UNIPA Surabayac2006 a138 hlm a979-3870-01-x a371.4 HAR p a371 aInstitusi Pendidikan, Sekolah dan Aktifitasnya aP29/CP/24/664